000 00903nam a22002777a 4500
001 5463
003 FISKH
005 20241209162255.0
008 241209b cb ||||| |||| 00| 0 eng d
020 _a9780696300004
040 _aFISKH
_beng
_cFISKH
_dFISKH
050 _aHF5381
082 _a331.7
100 _aRowe, Mike
245 _aDirty jobs /
_bget the real dirt behind the world dirtiest jobs /
_cby Mike Rowe
260 _aNew York :
_bMeredith ;
_c2009 .
300 _a48 pages :
_bcolor illustrations ;
_c28 cm .
505 _aZ
520 _aMike Rowe introduces you to a hardworking group of men and women who overcome fear, danger and sometimes stench to accomplish their daily tasks.
521 8 _a1070
_bLexile
521 8 _aZ
_bRaz-Plus
650 _ainformational
_vNon-fiction
650 _aDirty Jobs
_vNon-fiction
942 _2ddc
_cBK
_n0
999 _c5463
_d5463